|
|
|
|
| LEADER |
01497nam a22003017a 4500 |
| 001 |
38509 |
| 003 |
BD-DhAAL |
| 008 |
220511t2016 bg ||||| b||| 001 0 ben d |
| 999 |
|
|
|c 44161
|d 44161
|
| 020 |
|
|
|a 9789849185864
|
| 040 |
|
|
|a BD-DhAAL
|c BD-DhAAL
|
| 041 |
|
|
|a ben
|
| 082 |
|
|
|a 954.14
|2 23
|
| 100 |
|
|
|a চ্যাটার্জি, জয়া
|9 48335
|
| 245 |
|
|
|a দেশভাগের অর্জন :
|b বাঙলা ও ভারত,
|n ১৯৪৭-১৯৬৭ /
|c জয়া চ্যাটার্জি, আবু জাফর অনূদিত
|
| 246 |
|
|
|a Deshvagher orjon
|
| 246 |
|
|
|a The spoils of partition :
|b Bengal and India, 1947-1967
|
| 260 |
|
|
|a ঢাকা :
|b মাওলা ব্রাদার্স,
|c ২০১৬.
|
| 300 |
|
|
|a ৩৯৯ পৃষ্ঠা ;
|c ২২ সে.মি.
|
| 504 |
|
|
|a গ্রন্থপঞ্জিগত নির্দেশিকা ও নির্ঘণ্ট অন্তর্ভুক্ত।
|
| 541 |
|
|
|a Donated By Akbar Ali Khan
|e 38509
|
| 651 |
|
|
|a West Bengal (India)
|x History.
|9 48336
|
| 651 |
|
|
|a Bengal (India)
|x History
|y Partition, 1947.
|9 48337
|
| 651 |
|
|
|a India
|x History
|y Partition, 1947.
|9 48338
|
| 700 |
|
|
|a জাফর, আবু
|9 48339
|
| 852 |
|
|
|a Ayesha Abed Library
|c Akbar Ali Khan Collection
|
| 942 |
|
|
|2 ddc
|c BK
|
| 952 |
|
|
|0 0
|1 0
|2 ddc
|4 0
|6 954_140000000000000_CHA
|7 1
|9 70590
|a BRACUL
|b BRACUL
|c CS1
|d 2022-05-11
|e Donated by Akbar Ali Khan
|l 0
|o 954.14 CHA
|p 3010038509
|r 2022-05-11
|t 1
|w 2022-05-11
|y BK
|